| Tag |
First Indicator |
Second Indicator |
Subfields |
| LEADER |
00000cam a2200000 4500 |
| 001 |
in00000013642 |
| 005 |
20151007052526.0 |
| 008 |
730725s1940 be af b 00110 fre d |
| 010 |
|
|
|a a 41004338
|
| 035 |
|
|
|a (OCoLC)00664025
|
| 035 |
|
|
|9 AAA8134AM
|
| 040 |
|
|
|a Harvard Univ. Library
|c OSU
|d SER
|d m/c
|d TXA
|d UtOrBLW
|
| 049 |
|
|
|a TXAM
|c [A12609215]
|
| 050 |
|
4 |
|a DS155
|b .P6 1940
|
| 100 |
1 |
|
|a Posener, Georges.
|
| 245 |
1 |
0 |
|a Princes et pays d'Asie et de Nubie. :
|b Textes hiératiques sur des figurines d'envoûtement du moyen empire suivis de Remarques paléographiques sur lest textes similaires de Berlin /
|c G. Posener ; par B. van de Walle.
|
| 264 |
|
1 |
|a Bruxelles :
|b Fondation égyptologique reine Élisabeth,
|c 1940.
|
| 300 |
|
|
|a 114 pages 3 leaves of plates :
|b illustrations ;
|c 24 cm.
|
| 336 |
|
|
|a text
|b txt
|2 rdacontent
|
| 337 |
|
|
|a unmediated
|b n
|2 rdamedia
|
| 338 |
|
|
|a volume
|b nc
|2 rdacarrier
|
| 504 |
|
|
|a Bibliographical references and index.
|
| 650 |
|
0 |
|a Proscription.
|
| 651 |
|
0 |
|a Turkey
|x Kings and rulers.
|
| 651 |
|
0 |
|a Nubia
|x Kings and rulers.
|
| 650 |
|
0 |
|a Egyptian language
|x Writing, Hieratic.
|
| 650 |
|
0 |
|a Inscriptions, Egyptian.
|
| 651 |
|
0 |
|a Egypt
|x Antiquties.
|
| 700 |
1 |
|
|a Walle, Baudouin van de.
|
| 710 |
2 |
|
|a Fondation égyptologique reine Élisabeth.
|
| 999 |
|
|
|a MARS
|
| 999 |
f |
f |
|s b791c6d4-7453-3215-a147-9748e6adab13
|i 48f818c6-808a-3bc4-a23f-10e7478a7b85
|t 0
|
| 952 |
f |
f |
|p normal
|a Texas A&M University
|b College Station
|c Sterling C. Evans Library
|d Evans: Library Stacks
|t 0
|e DS155 .P6 1940
|h Library of Congress classification
|i unmediated -- volume
|m A14812609215
|
| 998 |
f |
f |
|a DS155 .P6 1940
|t 0
|l Evans: Library Stacks
|